| 000 | 01335nam a22003017a 4500 | ||
|---|---|---|---|
| 001 | BD-DhSAU 9455 | ||
| 003 | BD-DhSAU | ||
| 005 | 20181209150145.0 | ||
| 008 | 150613b20 bg a|||| m||| 00| 0 eng d | ||
| 040 | _aBD-DhSAU | ||
| 082 |
_222 _a630.715 _bR1295 |
||
| 100 |
_aRahaman, Tanzila _eRegistration. 08-02783 |
||
| 245 |
_aParticipation of rural women in household and agricultural activities in selected area of Kishorgonj District/ _cTanzila Rahaman _bMS Thesis |
||
| 260 |
_aSher-e-Bangla Agricultural University : _bDepartment of Agricultural Extension & Information System, _c2015 |
||
| 300 |
_axvii, 76 p. : _bill. ; _c30 cm. |
||
| 500 | _aMS thesis of Department of Agricultural Extension & Information System, Faculty of Agriculture, Sher-e-Bangla Agricultural University, Dhaka, Bangladesh | ||
| 504 | _aIncludes bibliographical reference. | ||
| 590 | _akamim | ||
| 650 | _aAgricultural extension work | ||
| 650 | _aInformation systems | ||
| 650 | _aParticipation of rural women in household | ||
| 650 | _aagricultural activities in selected area | ||
| 650 | _aKishorgonj District | ||
| 700 |
_aUlla, Md. Shadat _eSuperviser |
||
| 700 |
_aHossain, Kh. Zulfikar _eCo-superviser |
||
| 856 | _uhttp://archive.saulibrary.edu.bd:8080/xmlui/handle/123456789/787 | ||
| 942 |
_2ddc _cTHESIS |
||
| 999 |
_c13816 _d13815 |
||